000 00961nam a2200277Ia 4500
003 GCL
005 20240530103121.0
008 140319s9999 xx 000 0 ara d
040 _aGCL /
_cGCL
082 0 4 _a913.03
_bك م
100 1 _aكريمر, صمويل
245 1 0 _aمن الواح سومر /
_cتاليف كريمر, صمويل ، ترجمة طه باقر ، تقديم احمد فخرى
260 _a[S.N] :
_bمكتبة المثنى ،
_c1956
300 _a458 ص ؛
_c24 سم
650 0 4 _aالاساطير
650 0 4 _aحضارة العراق القديمة
650 0 4 _aالعراق القديم - تاريخ
650 0 4 _aالسومرية
650 0 4 _aاللغة السومرية
650 0 4 _aالكتابة المسمارية
650 0 4 _aالخط المسمارى
650 0 4 _aالشرق القديم - تاريخ
700 1 _aاحمد فخرى
_eمقدم
700 1 _aطه باقر
_eمترجم
942 _2ddc
_cBK
999 _c36949
_d36949